000
00267nam a2200097Ia 4500
001
689347
005
20250826161632.0
008
250824s9999 xx 000 0 und d
245
0
_a
SHERLOCK HOLMES(ŞÜPHE ASLA UYUMAZ)
_c
SIR ARTHUR CONAN DOYLE
260
_b
MARTI YAYINLARI
999
_c
689347
_d
689347